000 00376nam a22001457a 4500
003 OSt
020 _a9788126538249
040 _c0
_d0
082 _222
_a005.1
100 _aMcWherter, Jeff and Gowell, Scott
245 _aProfessional mobile application development /
260 _aNew Delhi,
_bWiley,
_cc2013.
300 _axxviii, 400p. ;
_bill. ;
_c24 cm.
942 _2ddc
_cIT
_04
999 _c4892
_d4892